[Event "Klatovy op-B 29th"]
[Site "Klatovy"]
[Date "2023.07.07"]
[Round "7"]
[White "Velkoborsky, Tadeas"]
[Black "Veverka, Max"]
[Result "1-0"]
[WhiteElo "1256"]
[BlackElo "1053"]
[PlyCount "31"]
[EventDate "2023.07.01"]
[EventType "swiss"]
[EventRounds "9"]
[EventCountry "CZE"]
[SourceTitle "CBM 215 Extra"]
[Source "ChessBase"]
[SourceDate "2023.09.30"]
[SourceVersion "1"]
[SourceVersionDate "2023.09.30"]
[SourceQuality "1"]

1. e4 c6 2. d4 d5 3. Nc3 dxe4 4. Nxe4 Bf5 5. Ng3 Bg6 6. Nf3 Nd7 7. Bc4 Qc7 8. Ng5 e6 9. 0-0 Ngf6 10. Re1 0-0-0 11. Bxe6 Bd6 12. Bxf7 Bf5 13. Nxf5 Nb6 14. Nxd6+ Rxd6 15. Be6+ Nbd7 16. Bf4 1-0

[Event "Klatovy op-B 29th"]
[Site "Klatovy"]
[Date "2023.07.04"]
[Round "4"]
[White "Stanke, Petr"]
[Black "Velkoborsky, Tadeas"]
[Result "1/2-1/2"]
[WhiteElo "1552"]
[BlackElo "1256"]
[PlyCount "46"]
[EventDate "2023.07.01"]
[EventType "swiss"]
[EventRounds "9"]
[EventCountry "CZE"]
[SourceTitle "CBM 215 Extra"]
[Source "ChessBase"]
[SourceDate "2023.09.30"]
[SourceVersion "1"]
[SourceVersionDate "2023.09.30"]
[SourceQuality "1"]

1. d4 d5 2. c4 e6 3. Nf3 Nf6 4. Nc3 Be7 5. e3 0-0 6. Qc2 Nbd7 7. cxd5 exd5 8. Bd3 c5 9. 0-0 c4 10. Bf5 Nb8 11. Bxc8 Qxc8 12. b3 Bb4 13. Bd2 Qc7 14. bxc4 Qxc4 15. Qb3 Qxb3 16. axb3 Nc6 17. Rfc1 Rfc8 18. Na4 Bxd2 19. Nxd2 Na5 20. f3 Re8 21. Kf2 Kf8 22. b4 Nc6 23. Rab1 Rac8 1/2-1/2

[Event "CZE-ch U14"]
[Site "Herlikovice"]
[Date "2021.10.23"]
[Round "1"]
[White "Velkoborsky, Tadeas"]
[Black "Andrle, Filip"]
[Result "0-1"]
[WhiteElo "1147"]
[BlackElo "1439"]
[PlyCount "78"]
[EventDate "2021.10.23"]
[EventType "swiss"]
[EventRounds "9"]
[EventCountry "CZE"]
[SourceTitle "EXT 2023"]
[Source "ChessBase"]
[SourceDate "2022.10.05"]
[SourceVersion "1"]
[SourceVersionDate "2022.10.05"]
[SourceQuality "1"]

1. e4 c6 2. d4 d5 3. Nc3 dxe4 4. Nxe4 Nf6 5. Bd3 Nbd7 6. Qe2 e6 7. Bf4 Nxe4 8. Bxe4 Nf6 9. Bg5 Be7 10. Nf3 Nxe4 11. Bxe7 Qxe7 12. Qxe4 0-0 13. 0-0 Rd8 14. Rad1 Bd7 15. Rfe1 Be8 16. c4 Qf6 17. b3 Rac8 18. d5 cxd5 19. cxd5 exd5 20. Rxd5 Bc6 21. Rxd8+ Rxd8 22. Qe3 h6 23. Ne5 Re8 24. h3 Qd6 25. Qf4 f6 26. Qc4+ Bd5 27. Rd1 Rxe5 28. Qd4 Qe6 29. f4 Re1+ 30. Rxe1 Qxe1+ 31. Kh2 Qe4 32. Qd2 g5 33. fxg5 fxg5 34. Qf2 Qf4+ 35. Qxf4 gxf4 36. g4 Kf7 37. h4 Kf6 38. Kh3 Be6 39. h5 Kg5 0-1

[Event "Klatovy op-B 22nd"]
[Site "Klatovy"]
[Date "2016.07.08"]
[Round "7"]
[White "Skalicky, Jindrich"]
[Black "Velkoborsky, Tadeas"]
[Result "1-0"]
[WhiteElo "1311"]
[BlackElo "1100"]
[PlyCount "27"]
[EventDate "2016.07.02"]
[EventType "swiss"]
[EventRounds "9"]
[EventCountry "CZE"]
[SourceTitle "EXT 2019"]
[Source "ChessBase"]
[SourceDate "2018.10.10"]
[SourceVersion "1"]
[SourceVersionDate "2018.10.10"]
[SourceQuality "1"]

1. e4 e5 2. Nf3 Nc6 3. Bb5 d6 4. d4 Bd7 5. 0-0 exd4 6. Nxd4 Nxd4 7. Bxd7+ Qxd7 8. Qxd4 c5 9. Qd3 0-0-0 10. Nc3 Qg4 11. Qd5 Nf6 12. Qxf7 Nxe4 13. Nb5 d5 14. Qc7# 1-0